Geography Quiz

Random Geography or State Quiz

US State Letter Pair Blackout Quiz Stats

 Plays Quiz Updated May 12, 2019

Score 0/224 Timer 02:30
0 Plays Today
% Correct
A-A✔
99.6%
A-I✔
99.5%
N-O✔
99.4%
A-N✔
99.4%
I-N✔
99.4%
A-L✔
99.4%
I-O✔
99.4%
A-S✔
99.3%
A-O✔
99.3%
O-R✔
99.3%
N-R✔
99.3%
A-R✔
99.3%
E-N✔
99.1%
N-S✔
99.1%
I-R✔
99.1%
A-E✔
99%
L-O✔
98.9%
A-H✔
98.9%
I-L✔
98.9%
E-R✔
98.9%
L-R✔
98.9%
I-I✔
98.8%
A-M✔
98.8%
L-N✔
98.7%
E-O✔
98.7%
H-I✔
98.7%
C-N✔
98.7%
I-S✔
98.7%
A-D✔
98.7%
A-T✔
98.6%
C-O✔
98.6%
N-T✔
98.6%
E-S✔
98.5%
C-I✔
98.5%
N-N✔
98.5%
E-I✔
98.4%
I-W✔
98.4%
A-C✔
98.4%
K-N✔
98.3%
E-T✔
98.3%
S-T✔
98.3%
A-W✔
98.2%
D-R✔
98.2%
O-T✔
98.2%
N-Y✔
98.1%
G-I✔
98%
A-K✔
98%
H-O✔
98%
O-S✔
97.9%
N-W✔
97.9%
L-S✔
97.9%
O-W✔
97.8%
E-W✔
97.8%
M-N✔
97.7%
A-G✔
97.7%
D-O✔
97.7%
I-M✔
97.6%
C-L✔
97.6%
C-R✔
97.6%
O-O✔
97.6%
H-T✔
97.6%
T-U✔
97.6%
H-N✔
97.5%
D-L✔
97.5%
R-S✔
97.5%
A-F✔
97.2%
F-R✔
97.2%
F-O✔
97.2%
H-S✔
97.2%
K-S✔
97.2%
G-O✔
97.1%
R-W✔
97%
K-R✔
96.7%
E-Y✔
96.7%
G-N✔
96.7%
% Correct
M-O✔
96.7%
A-U✔
96.6%
E-M✔
96.5%
S-S✔
96.5%
H-W✔
96.1%
S-W✔
96.1%
G-R✔
95.8%
N-V✔
95.8%
I-T✔
95.6%
D-I✔
95.5%
E-K✔
95.5%
O-U✔
95.4%
H-U✔
95.3%
K-O✔
95.3%
D-N✔
95.3%
C-E✔
95.1%
C-T✔
95.1%
E-V✔
94.9%
E-G✔
94.8%
S-U✔
94.8%
H-R✔
94.8%
N-U✔
94.5%
R-T✔
94.4%
E-E✔
93.9%
E-X✔
93.8%
A-V✔
93.8%
W-Y✔
93.7%
M-S✔
93.6%
L-M✔
93.6%
I-P✔
93.5%
P-S✔
93.5%
D-H✔
93.4%
T-T✔
93.3%
K-Y✔
93.1%
I-U✔
93%
M-T✔
92.7%
H-M✔
92.5%
C-U✔
92.4%
C-H✔
92.3%
C-M✔
92.3%
G-W✔
92.1%
R-Y✔
92.1%
M-W✔
92%
E-L✔
91.9%
K-T✔
91.7%
D-E✔
91.6%
O-Y✔
91.4%
M-R✔
91%
H-L✔
91%
A-B✔
90.8%
E-U✔
90.6%
C-F✔
89.5%
F-N✔
89.5%
G-H✔
89.2%
I-V✔
89%
C-S✔
88.7%
K-U✔
88.6%
A-P✔
88.5%
E-P✔
88.5%
N-P✔
88.5%
E-H✔
88.3%
G-T✔
87.9%
G-S✔
87.9%
T-W✔
87.9%
H-K✔
87.3%
I-Y✔
87.3%
S-Y✔
87.3%
A-X✔
86.6%
S-X✔
86.6%
T-X✔
86.6%
R-V✔
86.3%
D-F✔
85.9%
F-I✔
85.9%
F-L✔
85.9%
C-W✔
85.5%
% Correct
S-V✔
85.4%
G-M✔
85.1%
D-S✔
84.4%
K-L✔
84%
A-Y✔
84%
L-Y✔
84%
M-P✔
83.9%
L-U✔
83%
T-V✔
83%
M-Y✔
82.4%
B-L✔
82.3%
B-M✔
82.3%
K-W✔
81.5%
D-T✔
81.4%
D-K✔
81.3%
G-G✔
81%
A-Z✔
80.6%
I-Z✔
80.6%
N-Z✔
80.6%
O-Z✔
80.6%
R-Z✔
80.6%
R-U✔
79%
L-T✔
78%
C-X✔
77.1%
I-X✔
77.1%
M-X✔
77.1%
N-X✔
77.1%
O-X✔
77.1%
W-X✔
77.1%
M-U✔
76%
G-V✔
74.8%
C-K✔
74.3%
K-K✔
74.3%
C-Y✔
74.3%
T-Y✔
74.3%
U-Y✔
74.3%
L-P✔
73%
L-V✔
73%
P-V✔
73%
P-Y✔
73%
V-Y✔
73%
J-N✔
70.2%
J-R✔
70.2%
J-S✔
70.2%
J-W✔
70.2%
J-Y✔
70.2%
E-J✔
70.2%
D-W✔
70.2%
L-W✔
70.2%
M-V✔
69.3%
O-V✔
69.3%
C-D✔
69.2%
C-C✔
68.3%
H-H✔
68%
H-P✔
68%
P-R✔
68%
P-W✔
68%
D-U✔
67.8%
G-Y✔
66.8%
C-G✔
66%
R-R✔
65.8%
P-P✔
65.2%
V-W✔
64.4%
D-D✔
63.3%
B-E✔
62.3%
B-K✔
62.3%
B-N✔
62.3%
B-S✔
62.3%
B-R✔
62.3%
L-L✔
61%
D-V✔
60.4%
D-M✔
60.1%
D-Y✔
60.1%
K-M✔
54.8%

You're not logged in!

Compare scores with friends on all Sporcle quizzes.
OR
Log In

Show Comments

Extras

Top Quizzes Today


Score Distribution

Your Account Isn't Verified!

In order to create a playlist on Sporcle, you need to verify the email address you used during registration. Go to your Sporcle Settings to finish the process.

Report this User

Report this user for behavior that violates our Community Guidelines.

Details: